000 00606nam a22001937a 4500
999 _c192352
_d192352
005 20220920103808.0
010 _aENG-135131
020 _a9789383763276
_c500.00
035 _aEN-118663
037 _bDBAD / PUB
082 _a954.33
100 _aJitha, S.R.
245 _aDemocratic Movements and the rise of responsible Governments in Travancore And Cochin/
_cS.R. Jitha
260 _aKerala
_bCentre for South Indian studies
_c2014
270 _bTrivandrum
300 _a117p.
_c21cm(pbk)
_billustrations, References and Index
700 _a.
942 _2ddc
_cEN
_mJIT
_h954.33